Vplyv weblogu na jazykovú zručnosť písanie - výsledky experimentálneho výskumu

Výsledky výskumu týkajúceho sa používania weblogu vo výučbe cudzích jazykov. Testoval a vyhodnocoval sa najúčinnejší spôsob používania weblogu ako nástroja na zlepšenie zručnosti písania.

Na minha lista:
Detalhes bibliográficos
Autor principal: Stradiotová, Eva, 1963-
Formato: Capítulo de Livro
Idioma:eslovaco
Assuntos:
Tags: Adicionar Tag
Sem tags, seja o primeiro a adicionar uma tag!

MARC

LEADER 00000nla a2200000 4500
001 0199461
005 20240502073358.6
041 0 |a slo 
044 |a SK 
245 1 0 |a Vplyv weblogu na jazykovú zručnosť písanie - výsledky experimentálneho výskumu  |c Eva Stradiotová 
520 |a Výsledky výskumu týkajúceho sa používania weblogu vo výučbe cudzích jazykov. Testoval a vyhodnocoval sa najúčinnejší spôsob používania weblogu ako nástroja na zlepšenie zručnosti písania. 
610 2 0 |a jazyky cudzie 
610 2 0 |a vzdelávanie 
610 2 0 |a internet 
610 2 0 |a testy 
610 2 0 |a študenti 
610 2 0 |a gramatika 
610 2 0 |a zásoba slovná 
100 1 |a Stradiotová, Eva, 1963-